| 000 | 00943nam a2200229Ia 4500 | ||
|---|---|---|---|
| 003 | Ost | ||
| 005 | 20260507074858.0 | ||
| 008 | 260507s9999||||xx |||||||||||||| ||und|| | ||
| 020 | _a9957160761 | ||
| 040 | _cfsecg | ||
| 041 | _aara | ||
| 082 | _a364.133 | ||
| 100 |
_aالخريشة، امجد سعود قطيفان _eمؤلف |
||
| 245 | 0 |
_aجريمة غسيل الأموال : _bدراسة مقارنة / _c امجد سعود قطيفان الخريشة |
|
| 260 |
_aعمان: _bدار الثقافة, _c2009 |
||
| 300 |
_a256 صفحة؛ _bإيضاحات ؛ _c25 سم |
||
| 504 | _aبيبليوغرافيا: ص.243 | ||
| 520 | _aيضم المدلول العام لجريمة غسيل الأموال، الاطار الموضوعي لجريمة غسيل الأموال، الاطار العام لمكافحة جريمة غسيل الأموال | ||
| 653 | _aالنقود | ||
| 653 | _aجرائم الاموال | ||
| 942 | _cكتاب | ||
| 999 |
_c41631 _d41631 |
||